| 000 | 00375nam a2200145Ia 4500 | ||
|---|---|---|---|
| 008 | 240624s9999 xx 000 0 und d | ||
| 041 | _aeng | ||
| 082 | _a658.8 AND | ||
| 100 | _aANDREASEN ALAN R | ||
| 245 | _aSTRATEGIC MARKETING FOR NONPROFIT ORGANI | ||
| 250 | _a(6th ed.) | ||
| 260 |
_c2004 _aNew Delhi _bPrentice-Hall |
||
| 300 | _avii, : 536 : p. : cm. ; 24 | ||
| 365 | _cRS | ||
| 999 |
_c281 _d281 |
||